00751nam a2200193 i 450000100060000000300090000600500170001500700030003200800410003510000360007624501050011226000660021730000220028370000280030570000300033385200560036399900170041995201210043652513ES-MaACL20230906162609.0t|030829s1902 fr ||||1| fre d1 aChejov, Anton Pavlovich.93831513aUn meurtre / cAnton Tchekhov ; traduit du russe par Claire Ducreux ; préface de André Beaunier. aParis : bEdit. de la Revue Blanche, c[1902] (fP. Mouillot) a271 p. ; c19 cm.1 aDucreux, Claire.9458511 aBeaunier, André.926834 aES-MaACLjG-3418 q. - Encuadernado con otras obras c52513d52513 00104070aATENEOMbATENEOMcDEPO2d2008-01-17eSCl0oG-3418p1055195r2023-02-23 00:00:00w2023-02-23yMONOGRAFIA